Vêtements par pays - Statistiques

Statistiques générales
  • Ce quiz a été pris 72 fois
  • Le résultat moyen est 6 sur 10
Statistiques - réponses
Hint Réponse % Correct
Channel France
100%
Gucci Italie
94%
Levi's états-unis
89%
Zara Espagne
71%
Vivienne Westwood Royaume-uni
68%
Adidas Allemagne
65%
H&M Suède
32%
Comme des garçons Japon
23%
Arc'terix Canada
14%
Stylenanda Corée du sud
9%
Aucun quiz correspondant
Distribution des résultats
% des personnes avec chaque résultat
Percentile par nombre de réponses
Votre historique - résultats
Vous n’avez pas pris ce quiz